000 00933nam a2200277Ia 4500
003 OSt
005 20220926010515.0
006 a|||||r|||| 00| 0
007 ta
008 220923b |||||||| |||| 00| 0 eng d
020 _a9788126539680
_c492.14999999999998
037 _b1809, 04/03/2016, Pranami Book Service
_cGeneral Book
040 _aRTL
_cRTL
_beng
041 _2eng
_aeng
082 _aX0gF, Q2
100 _aMURUGESAN San
_9312440
245 0 _aHarnessing green IT
_b Principles and Practices
260 _a New Delhi
_bWiley-India
_c2012
300 _axxxiv, 395p
_ccm.
490 _aSeries on Quality, Reliability and Engineering Statistics; Vol.11
500 _aBibliography: p 239-44
650 _aCommerce
700 _a GANGADHARAN G R
_9312441
942 _hX0gF, Q2
_cGB
_2CC
999 _c617429
_d617429